000 00268nam a22001217a 4500
008 170615b xxu||||| |||| 00| 0 eng d
041 _aeng
080 _a94)4)
100 _a18
101 _aSHH
245 _aREVOLUTION EASTERN EUROPE
_cROGER.E
942 _2udc
_cBK
999 _c17616
_d17616